Inšpirovaní radosťou

Bibliographic Details
Main Author: Ševčíková, Zuzana, 1947- (Author)
Format: Article
Language:Slovak
Subjects:

MARC

LEADER 00000nab a2200000 a 4500
001 vtls000126687
003 SK-MaSNL
005 20260303032550.0
008 111104c1982 xo 0 slo
015 |a SNBRB19rr/mm-uuuuu 
035 |a CL0136792 
040 |a SNKBUCL  |b slo  |c SNKBUCL  |e AACR2 
041 0 |a slo 
044 |a xo  |c SK 
080 |a 75  |2 1981 
100 1 |a Ševčíková, Zuzana,  |d 1947-  |4 aut  |9 196030 
245 1 0 |a Inšpirovaní radosťou  |c Zuzana Ševčíková 
650 0 7 |a maliarstvo  |2 snkbucl  |9 812 
655 7 |a články z novín a časopisov  |2 snkbucl  |9 267496 
773 0 |t Pravda  |g Roč. 63, č. 215 (10. 9. 1982), s. 5 
850 |a Slovenská národná knižnica v Martine  |a MTA001 
852 |a SNK  |b KIS3GCP 
958 |a RK 
992 |a RBX 
999 |c 1665300  |d 1667230